Taxation in Tanzania (Record no. 2313)

MARC details
005 - DATE AND TIME OF LATEST TRANSACTION
control field 20250515133139.0
020 ## - INTERNATIONAL STANDARD BOOK NUMBER
International Standard Book Number 978-9976-89-246-8
082 ## - DEWEY DECIMAL CLASSIFICATION NUMBER
Classification number LECT 336.296 MAH
100 ## - MAIN ENTRY--PERSONAL NAME
Author name MAHANGILA, D. N.
245 ## - TITLE STATEMENT
Title Taxation in Tanzania
260 ## - PUBLICATION, DISTRIBUTION, ETC.
Place of publication, distribution, etc. Dar es Salaam,
Name of publisher, distributor, etc. DD Printers,
Date of publication, distribution, etc. 2016.
300 ## - PHYSICAL DESCRIPTION
Extent vi, 448p.: ill.; table.
Other physical details Index & Reference.
Dimensions 29cm.
700 ## - ADDED ENTRY--PERSONAL NAME
Other authors/Editors NCHIMBI, M.
942 ## - ADDED ENTRY ELEMENTS (KOHA)
Source of classification or shelving scheme Dewey Decimal Classification
Koha item type Books
Holdings
Date last seen Total checkouts Full call number Barcode Cost, replacement price Price effective from Koha item type Lost status Source of classification or shelving scheme Damaged status Not for loan Withdrawn status Home library Current library Shelving location Date acquired Cost, normal purchase price Source of acquisition
05/15/2025   LECT 336.296 MAH 0000008846 120000.00 05/15/2025 Books   Dewey Decimal Classification       College of Business Education Main Library College of Business Education Main Library General Collection 05/19/2017 40000.00  
05/15/2025   LECT 336.296 MAH 0000008852 120000.00 05/15/2025 Books   Dewey Decimal Classification       College of Business Education Main Library College of Business Education Main Library General Collection 05/19/2017 40000.00  
05/15/2025   LECT 336.296 MAH 0000008853 120000.00 05/15/2025 Books   Dewey Decimal Classification       College of Business Education Main Library College of Business Education Main Library General Collection 05/19/2017 40000.00  
05/15/2025   LECT 336.296 MAH 0000008854 120000.00 05/15/2025 Books   Dewey Decimal Classification       College of Business Education Main Library College of Business Education Main Library General Collection 05/19/2017 40000.00  
06/28/2025   LECT 336.296 MAH MBY000944 120000.00 05/15/2025 Books   Dewey Decimal Classification       College of Business Education Main Library College of Business Education Main Library General Collection 05/19/2017 40000.00 Purchase
06/28/2025   LECT 336.296 MAH MBY000946 120000.00 05/15/2025 Books   Dewey Decimal Classification       College of Business Education Main Library College of Business Education Main Library General Collection 05/19/2017 40000.00 Purchase